| 000 -LEADER |
| fixed length control field |
00605nam a22001937a 4500 |
| 008 - FIXED-LENGTH DATA ELEMENTS--GENERAL INFORMATION |
| fixed length control field |
150520b xxu||||| |||| 00| 0 eng d |
| 020 ## - INTERNATIONAL STANDARD BOOK NUMBER |
| International Standard Book Number |
0138980659 (case) |
| 041 0# - LANGUAGE CODE |
| Language code of text/sound track or separate title |
eng |
| 080 ## - UNIVERSAL DECIMAL CLASSIFICATION NUMBER |
| Universal Decimal Classification number |
621.397.13 |
| 100 1# - Rafti |
| Rafti |
Willis, Edgar E. |
| 245 ## - TITLE STATEMENT |
| Title |
Television, cable, and radio : |
| Statement of responsibility, etc |
by Edgar E. Willis, Henry B. Aldridge. |
| 260 ## - |
| -- |
Englewood Cliffs, N.J. : |
| -- |
Prentice Hall, |
| -- |
c1992. |
| 300 ## - |
| -- |
459 f |
| -- |
me il |
| -- |
24 cm. |
| 505 ## - |
| -- |
Index:f. 447-459 |
| 650 #0 - |
| -- |
Transmetimi |
| 650 #0 - |
| -- |
Transmetimi |
| -- |
Shtetet e bashkuara |
| 700 1# - |
| -- |
Aldridge, Henry B. |
| 942 ## - ADDED ENTRY ELEMENTS (KOHA) |
| Source of classification or shelving scheme |
|
| Item type |
Books |